[Event "Geraardsbergen op 38th"]
[Site "Geraardsbergen"]
[Date "2023.08.08"]
[Round "5"]
[White "Bosboom, Manuel"]
[Black "Geboers, Jimmy"]
[Result "1-0"]
[WhiteElo "2338"]
[BlackElo "1840"]
[PlyCount "56"]
[EventDate "2023.08.06"]
[EventType "swiss"]
[EventRounds "9"]
[EventCountry "BEL"]
[SourceTitle "CBM 215 Extra"]
[Source "ChessBase"]
[SourceDate "2023.09.30"]
[SourceVersion "1"]
[SourceVersionDate "2023.09.30"]
[SourceQuality "1"]

1. Nf3 Nf6 2. g3 b6 3. Bg2 Bb7 4. 0-0 g6 5. d3 Bg7 6. e4 d6 7. Nh4 Nfd7 8. f4 e6 9. Nc3 0-0 10. Be3 f5 11. Qd2 Nc6 12. Rae1 Ne7 13. Nf3 Re8 14. Bd4 Bxd4+ 15. Nxd4 Nf8 16. exf5 Bxg2 17. Qxg2 exf5 18. Re2 c5 19. Rfe1 Qd7 20. Ndb5 d5 21. Rxe7 Rxe7 22. Rxe7 Qxe7 23. Qxd5+ Kg7 24. Qxa8 Qe1+ 25. Kg2 Qd2+ 26. Kh3 Qe1 27. Qf3 Ne6 28. Qe2 Nxf4+ 1-0

[Event "Amsterdam Science Park op-A"]
[Site "Amsterdam"]
[Date "2023.07.20"]
[Round "6"]
[White "Achuthan, Dylan"]
[Black "Bosboom, Manuel"]
[Result "1/2-1/2"]
[WhiteElo "2065"]
[BlackElo "2374"]
[PlyCount "91"]
[EventDate "2023.07.15"]
[EventType "swiss"]
[EventRounds "9"]
[EventCountry "NED"]
[SourceTitle "CBM 215 Extra"]
[Source "ChessBase"]
[SourceDate "2023.09.30"]
[SourceVersion "1"]
[SourceVersionDate "2023.09.30"]
[SourceQuality "1"]

1. d4 Nf6 2. Bg5 e6 3. e4 d6 4. Bxf6 Qxf6 5. c3 e5 6. Bd3 Nc6 7. Ne2 h5 8. 0-0 h4 9. f4 h3 10. g3 exd4 11. cxd4 Nxd4 12. Qa4+ Nc6 13. Nbc3 Bd7 14. Nd5 Qd8 15. Qb3 Ne7 16. Bc4 Nxd5 17. Bxd5 c6 18. Bxf7+ Ke7 19. f5 Qb6+ 20. Kh1 d5 21. Be6 Qxb3 22. axb3 Bxe6 23. fxe6 dxe4 24. Nf4 Rh6 25. Ra5 b5 26. Rfa1 g5 27. Rxa7+ Rxa7 28. Rxa7+ Kd6 29. Rd7+ Kc5 30. e7 Bxe7 31. Rxe7 gxf4 32. Rxe4 Rd6 33. b4+ Kb6 34. Kg1 fxg3 35. hxg3 Rd2 36. Rh4 Rg2+ 37. Kf1 Rxg3 38. Ke1 Rb3 39. Kd1 Rxb2 40. Kc1 Rb3 41. Kc2 Rf3 42. Rh7 Rg3 43. Kb2 Rg2+ 44. Kb3 h2 45. Ka3 Rg3+ 46. Kb2 1/2-1/2

[Event "BEL-chT 2223"]
[Site "Belgium"]
[Date "2023.04.16"]
[Round "10.3"]
[White "Bosboom, Manuel"]
[Black "De Strycker, Nathan"]
[Result "1/2-1/2"]
[WhiteElo "2373"]
[BlackElo "2281"]
[PlyCount "101"]
[EventDate "2022.09.25"]
[EventType "team-tourn"]
[EventRounds "11"]
[EventCountry "BEL"]
[SourceTitle "EXT 2024"]
[Source "ChessBase"]
[SourceDate "2023.10.10"]
[SourceVersion "1"]
[SourceVersionDate "2023.10.10"]
[SourceQuality "1"]
[WhiteTeam "Liege Crelel"]
[BlackTeam "Mechelen"]
[WhiteTeamCountry "BEL"]
[BlackTeamCountry "BEL"]

1. d4 d5 2. Nf3 e6 3. c4 a6 4. cxd5 exd5 5. Nc3 c6 6. Qc2 Nf6 7. g3 h6 8. Bg2 Bd6 9. Bf4 0-0 10. Bxd6 Qxd6 11. 0-0 Nbd7 12. e3 Re8 13. Nd2 c5 14. Rfe1 cxd4 15. exd4 Rxe1+ 16. Rxe1 Nf8 17. Qb3 Be6 18. Nf1 b5 19. Ne3 Rd8 20. Ne2 Ng6 21. h4 h5 22. Bf3 Rc8 23. a3 Kh7 24. Nc3 Ne7 25. Ne2 Nf5 26. Nxf5 Bxf5 27. Nf4 Rc4 28. Qe3 g6 29. Qe5 Qxe5 30. dxe5 Ne4 31. Nxd5 Nd2 32. Bg2 Rc2 33. Ne3 Rxb2 34. Nxf5 gxf5 35. e6 fxe6 36. Rxe6 a5 37. Bh3 f4 38. gxf4 Rb3 39. Re7+ Kg6 40. Bd7 Nf3+ 41. Kf1 Rb1+ 42. Kg2 Nxh4+ 43. Kh3 Nf5 44. Re6+ Kg7 45. Ra6 Rb3+ 46. Kh2 Nd4 47. Rxa5 h4 48. Bg4 Rc3 49. Ra7+ Kf6 50. Ra6+ Ke7 51. Ra7+ 1/2-1/2

[Event "Geraardsbergen op 37th"]
[Site "Geraardsbergen"]
[Date "2022.08.08"]
[Round "4"]
[White "Kanis, Sierk"]
[Black "Bosboom, Manuel"]
[Result "0-1"]
[WhiteElo "2034"]
[BlackElo "2376"]
[PlyCount "102"]
[EventDate "2022.08.07"]
[EventType "swiss"]
[EventRounds "9"]
[EventCountry "BEL"]
[SourceTitle "CBM 209 Extra"]
[Source "ChessBase"]
[SourceDate "2022.09.30"]
[SourceVersion "1"]
[SourceVersionDate "2022.09.30"]
[SourceQuality "1"]

1. d4 Nf6 2. Bf4 g6 3. Nc3 Nh5 4. Bd2 d5 5. Nf3 Bg7 6. e4 dxe4 7. Nxe4 0-0 8. c3 b6 9. Be2 Nd7 10. Qc2 Bb7 11. Rd1 Ndf6 12. Nxf6+ exf6 13. 0-0 Re8 14. Rfe1 Qd7 15. Be3 Bf8 16. Nh4 Ng7 17. Bf3 c6 18. g3 g5 19. Ng2 h6 20. d5 c5 21. c4 Bd6 22. Bd2 Be5 23. Ne3 f5 24. Ng2 f6 25. Be2 Qd6 26. f4 Bd4+ 27. Kf1 Bc8 28. b3 Bd7 29. Bc1 Kf7 30. Rxd4 cxd4 31. Bb2 Rac8 32. Qd2 b5 33. Bxd4 bxc4 34. bxc4 Kg6 35. Bxa7 Ne6 36. Be3 Nc5 37. Bd4 Ne4 38. Qd3 Ra8 39. Kg1 Rxa2 40. Be3 Rea8 41. Qd4 Qb4 42. Qb6 Qxe1+ 43. Nxe1 Rxe2 44. Nd3 Raa2 45. Qd8 Rg2+ 46. Kf1 Rxh2 47. Qg8+ Kh5 48. Qf7+ Kg4 49. Bg1 Nxg3+ 50. Ke1 Ra1+ 51. Nc1 Rxc1# 0-1

[Event "Spakenburg FishPartners op"]
[Site "Spakenburg"]
[Date "2022.07.02"]
[Round "1"]
[White "Bosboom, Manuel"]
[Black "Van Jaarsveld, Henk"]
[Result "1-0"]
[WhiteElo "2406"]
[BlackElo "1848"]
[PlyCount "110"]
[EventDate "2022.07.02"]
[EventType "swiss"]
[EventRounds "7"]
[EventCountry "NED"]
[SourceTitle "EXT 2023"]
[Source "ChessBase"]
[SourceDate "2022.10.05"]
[SourceVersion "1"]
[SourceVersionDate "2022.10.05"]
[SourceQuality "1"]

1. c4 Nf6 2. b3 e5 3. Bb2 Nc6 4. e3 d5 5. cxd5 Nxd5 6. a3 Be7 7. Qc2 Be6 8. Nf3 Qd6 9. d3 f6 10. Nbd2 0-0-0 11. Nc4 Qd7 12. h4 Kb8 13. Be2 Rhe8 14. Rd1 Qc8 15. b4 Nb6 16. Ncd2 Bf8 17. b5 Ne7 18. e4 c6 19. d4 exd4 20. Nxd4 cxb5 21. Qxc8+ Bxc8 22. Bxb5 Bd7 23. a4 Nc6 24. Bxc6 Bxc6 25. Nxc6+ bxc6 26. 0-0 Bb4 27. Nf3 Rxd1 28. Rxd1 Rxe4 29. h5 Nxa4 30. Ba1 Kc7 31. h6 gxh6 32. Bxf6 Be7 33. Be5+ Kc8 34. Rb1 Rb4 35. Rc1 c5 36. Re1 Bg5 37. Bd6 Kb7 38. g3 Kc6 39. Bf8 Kb5 40. Re5 a6 41. Kg2 Bc1 42. Re7 Kc4 43. Rxh7 Kb3 44. Ne5 Rb5 45. Bxh6 Bxh6 46. Rxh6 a5 47. g4 c4 48. Nf3 c3 49. Nd4+ Kb4 50. Nxb5 Kxb5 51. g5 c2 52. Rh1 Nb2 53. Rc1 Nd3 54. Rh1 Nb2 55. g6 Nd1 1-0

[Event "Spakenburg FishPartners op"]
[Site "Spakenburg"]
[Date "2022.07.02"]
[Round "2"]
[White "Van Ee, Robin"]
[Black "Bosboom, Manuel"]
[Result "0-1"]
[WhiteElo "2044"]
[BlackElo "2406"]
[PlyCount "58"]
[EventDate "2022.07.02"]
[EventType "swiss"]
[EventRounds "7"]
[EventCountry "NED"]
[SourceTitle "EXT 2023"]
[Source "ChessBase"]
[SourceDate "2022.10.05"]
[SourceVersion "1"]
[SourceVersionDate "2022.10.05"]
[SourceQuality "1"]

1. d4 Nf6 2. c4 g6 3. Nc3 Bg7 4. g3 0-0 5. Bg2 d6 6. e4 Nbd7 7. Nge2 e5 8. 0-0 c6 9. Rb1 exd4 10. Nxd4 Re8 11. h3 Nc5 12. Re1 a5 13. b3 Nfd7 14. Be3 Ne5 15. Bf1 h5 16. f4 Ned7 17. Bg2 Qb6 18. Bf2 Qb4 19. Rc1 a4 20. Nxa4 Nxa4 21. bxa4 Rxa4 22. Rb1 Qa5 23. g4 hxg4 24. hxg4 Rxa2 25. Re2 Nf6 26. g5 Ng4 27. f5 gxf5 28. Nxf5 Bxf5 29. Rxa2 Qxa2 0-1

[Event "NED-chT 2122"]
[Site "Netherlands"]
[Date "2022.05.21"]
[Round "5.5"]
[White "Vrolijk, Liam"]
[Black "Bosboom, Manuel"]
[Result "1-0"]
[WhiteElo "2470"]
[BlackElo "2395"]
[PlyCount "115"]
[EventDate "2021.09.18"]
[EventType "team-tourn"]
[EventRounds "9"]
[EventCountry "NED"]
[SourceTitle "EXT 2023"]
[Source "ChessBase"]
[SourceDate "2022.10.05"]
[SourceVersion "1"]
[SourceVersionDate "2022.10.05"]
[SourceQuality "1"]
[WhiteTeam "Kennemer Combinatie"]
[BlackTeam "En Passant"]
[WhiteTeamCountry "NED"]
[BlackTeamCountry "NED"]

1. d4 Nf6 2. c4 g6 3. g3 Bg7 4. Bg2 0-0 5. Nc3 d6 6. Nf3 Nc6 7. 0-0 a6 8. d5 Na5 9. b3 c5 10. dxc6 bxc6 11. Bg5 h6 12. Bd2 Rb8 13. Qc2 c5 14. Rad1 Nc6 15. Qc1 h5 16. Bh6 Bd7 17. Bxg7 Kxg7 18. Qb2 Be6 19. Ng5 Ne5 20. Qa1 h4 21. Nce4 Qc7 22. Nxe6+ fxe6 23. Ng5 Qc8 24. Bh3 Rh8 25. Bxe6 Qb7 26. g4 h3 27. f3 Rh4 28. Bd5 Qb4 29. Ne6+ Kh7 30. Kh1 Rg8 31. Ng5+ Kg7 32. Bxg8 Kxg8 33. e4 a5 34. Qb2 a4 35. Qf2 Rh8 36. Qd2 Qb7 37. Qe3 axb3 38. axb3 Kg7 39. Ne6+ Kf7 40. Ng5+ Ke8 41. Ra1 Nh7 42. Nxh3 Nf6 43. Nf4 Rxh2+ 44. Kg1 Rb2 45. Rab1 Nxc4 46. Qc3 Rxb1 47. Rxb1 Ne5 48. Ra1 Nxe4 49. fxe4 Qxe4 50. Ra4 Nf3+ 51. Kf2 Nd4 52. Qe3 Qc2+ 53. Ne2 e5 54. Ra7 Kd8 55. Rh7 Kc8 56. Rg7 Kb8 57. Rd7 Nf5 58. Qh3 1-0

[Event "EU-Cup 36th"]
[Site "Struga"]
[Date "2021.09.21"]
[Round "4.1"]
[White "Uruci, Endrit"]
[Black "Bosboom, Manuel"]
[Result "1/2-1/2"]
[WhiteElo "2279"]
[BlackElo "2395"]
[PlyCount "187"]
[EventDate "2021.09.18"]
[EventType "team-swiss"]
[EventRounds "7"]
[EventCountry "MKD"]
[SourceTitle "CBM 204 Extra"]
[Source "ChessBase"]
[SourceDate "2021.11.30"]
[SourceVersion "1"]
[SourceVersionDate "2021.11.30"]
[SourceQuality "1"]
[WhiteTeam "Dardania"]
[BlackTeam "En Passant"]
[WhiteTeamCountry "KOS"]
[BlackTeamCountry "NED"]

1. e4 c5 2. Nf3 d6 3. Bb5+ Bd7 4. Bxd7+ Qxd7 5. 0-0 Nf6 6. Re1 Nc6 7. b3 e6 8. Bb2 Be7 9. d4 cxd4 10. Nxd4 0-0 11. c4 a6 12. Nc3 Rfd8 13. h3 Rab8 14. Nxc6 Qxc6 15. Rc1 Qe8 16. a4 Nd7 17. a5 b6 18. axb6 Rxb6 19. Na4 Rc6 20. b4 Rb8 21. Qb3 Bg5 22. Rc2 Qc8 23. Bd4 h6 24. Rb1 Qc7 25. Qd3 Rc8 26. Nb2 Qb7 27. Nd1 Qc7 28. Nb2 Nb6 29. Bxb6 Qxb6 30. Na4 Qc7 31. c5 Be7 32. cxd6 Bxd6 33. Rd2 Bh2+ 34. Kh1 Rd6 35. Qe2 Rxd2 36. Qxd2 Bf4 37. Qb2 Be5 38. Qd2 Rd8 39. Qa2 Bd4 40. Nc5 Bxc5 41. bxc5 Qxc5 42. f3 a5 43. Qa4 Kh7 44. Ra1 Qe5 45. Rf1 Rd2 46. f4 Qd4 47. Qxa5 Re2 48. Re1 Rxe4 49. Rxe4 Qxe4 50. Qd2 f6 51. Qf2 Kg6 52. Qg3+ Kf7 53. Qf2 g5 54. fxg5 hxg5 55. Qa7+ Kg6 56. Qa1 Qd3 57. Kh2 Kf5 58. Qa7 Qd6+ 59. Kg1 e5 60. Qf2+ Ke6 61. Qa2+ Qd5 62. Qa6+ Kf5 63. Qc8+ Kg6 64. Qe8+ Qf7 65. Qc6 Qe7 66. Qe4+ Kh6 67. Qf5 Qd6 68. Qc8 e4 69. g4 Qg3+ 70. Kh1 Qxh3+ 71. Kg1 Qe3+ 72. Kh1 Qe1+ 73. Kg2 Qd2+ 74. Kh1 Qd1+ 75. Kg2 Qd2+ 76. Kh1 Qd5 77. Qh8+ Kg6 78. Qe8+ Kg7 79. Qe7+ Qf7 80. Qxe4 Qc7 81. Qe6 Qc1+ 82. Kg2 Qb2+ 83. Kf3 Qc3+ 84. Kg2 Qe5 85. Qc8 Kf7 86. Qd7+ Kf8 87. Qd8+ Kf7 88. Qd7+ Qe7 89. Qd5+ Qe6 90. Qb7+ Kg6 91. Qb1+ Kh6 92. Qd1 Qe4+ 93. Kh2 Kg6 94. Qd7 1/2-1/2

[Event "Amsterdam Batavia Grolsch 12th"]
[Site "Amsterdam"]
[Date "2020.02.24"]
[Round "4"]
[White "Feuerstack, Aljoscha"]
[Black "Bosboom, Manuel"]
[Result "1-0"]
[WhiteElo "2459"]
[BlackElo "2410"]
[PlyCount "47"]
[EventDate "2020.02.21"]
[EventType "tourn"]
[EventRounds "9"]
[EventCountry "NED"]
[EventCategory "9"]
[SourceTitle "CBM 195 Extra"]
[Source "ChessBase"]
[SourceDate "2020.05.31"]
[SourceVersion "1"]
[SourceVersionDate "2020.05.31"]
[SourceQuality "1"]

1. e4 c5 2. c3 g6 3. d4 Bg7 4. Nf3 b6 5. Bd3 cxd4 6. cxd4 Nc6 7. d5 Nb4 8. Be2 Bb7 9. Nc3 a5 10. e5 Nh6 11. a3 Na6 12. Bf4 Nc5 13. b4 axb4 14. axb4 Na6 15. Qd2 Ng8 16. 0-0 f6 17. e6 dxe6 18. Bb5+ Kf8 19. Nd4 Qc8 20. Nxe6+ Kf7 21. Ne4 Nxb4 22. Qxb4 Rxa1 23. Rxa1 Bxd5 24. Nc7 1-0

[Event "BEL-chT 1920"]
[Site "Belgium"]
[Date "2020.02.16"]
[Round "8.4"]
[White "Dgebuadze, Alexandre"]
[Black "Bosboom, Manuel"]
[Result "1/2-1/2"]
[WhiteElo "2472"]
[BlackElo "2425"]
[PlyCount "45"]
[EventDate "2019.09.29"]
[EventType "team-tourn"]
[EventRounds "11"]
[EventCountry "BEL"]
[SourceTitle "CBM 195 Extra"]
[Source "ChessBase"]
[SourceDate "2020.05.31"]
[SourceVersion "1"]
[SourceVersionDate "2020.05.31"]
[SourceQuality "1"]
[WhiteTeam "Wirtzfeld"]
[BlackTeam "Liege Crelel"]
[WhiteTeamCountry "BEL"]
[BlackTeamCountry "BEL"]

1. e4 e5 2. Bc4 Nc6 3. d3 Bc5 4. Nf3 Nf6 5. Nc3 h6 6. a3 d6 7. h3 Be6 8. Bb5 0-0 9. Bxc6 bxc6 10. 0-0 Qd7 11. Kh2 Bb6 12. Be3 Rae8 13. b3 c5 14. Ne2 Nh5 15. g4 Nf4 16. Bxf4 exf4 17. Nxf4 c6 18. Kg1 d5 19. Nxe6 Rxe6 20. c4 dxe4 21. dxe4 Qe7 22. Re1 Bc7 23. Qc2 1/2-1/2

[Event "NED-chT 1920"]
[Site "Netherlands"]
[Date "2020.02.01"]
[Round "5.1"]
[White "De Jong, Jan Willem"]
[Black "Bosboom, Manuel"]
[Result "0-1"]
[WhiteElo "2443"]
[BlackElo "2425"]
[PlyCount "70"]
[EventDate "2019.09.28"]
[EventType "team-tourn"]
[EventRounds "9"]
[EventCountry "NED"]
[SourceTitle "CBM 195 Extra"]
[Source "ChessBase"]
[SourceDate "2020.05.31"]
[SourceVersion "1"]
[SourceVersionDate "2020.05.31"]
[SourceQuality "1"]
[WhiteTeam "Leiden LSG"]
[BlackTeam "En Passant"]
[WhiteTeamCountry "NED"]
[BlackTeamCountry "NED"]

1. d4 Nf6 2. c4 g6 3. Nc3 Bg7 4. e4 d6 5. Be2 0-0 6. Nf3 Nbd7 7. 0-0 e5 8. Be3 exd4 9. Nxd4 Re8 10. f3 c6 11. Qd2 a5 12. Rfd1 a4 13. Rab1 h5 14. Nc2 Bf8 15. b4 axb3 16. axb3 h4 17. h3 Nh5 18. Bg5 Be7 19. Bxe7 Qxe7 20. f4 Ng3 21. Bf3 Nc5 22. b4 Ne6 23. Re1 Qf6 24. e5 dxe5 25. fxe5 Qg5 26. Qxg5 Nxg5 27. Kf2 Bf5 28. Rb2 Rad8 29. Na1 Rd3 30. Na4 Nxf3 31. gxf3 Nh5 32. Nc5 Nf4 33. Rh1 Rxe5 34. Ra2 Rc3 35. Nab3 b6 0-1

[Event "NED-ch blitz 5th"]
[Site "Amstelveen"]
[Date "2019.11.30"]
[Round "20"]
[White "Bosboom, Manuel"]
[Black "Schoppen, Casper"]
[Result "0-1"]
[WhiteElo "2410"]
[BlackElo "2508"]
[PlyCount "148"]
[EventDate "2019.11.30"]
[EventType "swiss (blitz)"]
[EventRounds "30"]
[EventCountry "NED"]
[SourceTitle "CBM 193 Extra"]
[Source "ChessBase"]
[SourceDate "2020.01.31"]
[SourceVersion "1"]
[SourceVersionDate "2020.01.31"]
[SourceQuality "1"]

1. e4 c6 2. d3 d5 3. Nd2 e5 4. Ngf3 Bd6 5. g3 Nf6 6. Bg2 0-0 7. 0-0 Re8 8. Re1 h6 9. b3 a5 10. Bb2 dxe4 11. dxe4 Bc7 12. Nc4 Nbd7 13. a4 b5 14. axb5 cxb5 15. Nd6 Bxd6 16. Qxd6 Ra6 17. Qd3 Qb6 18. Qe2 Bb7 19. Nh4 g6 20. Bc1 h5 21. Be3 Qc6 22. Bg5 a4 23. bxa4 bxa4 24. Ra3 Rc8 25. c3 Qc4 26. Qd1 Qe6 27. Qc2 Bc6 28. Be3 Ng4 29. Bg5 Rb6 30. h3 Ngf6 31. Be3 Rb3 32. Raa1 Bb5 33. Bd2 Nc5 34. Nf3 Bd3 35. Qa2 Nfxe4 36. Ng5 Nxg5 37. Bxg5 Rcb8 38. Be3 Nd7 39. Qxa4 Rxc3 40. Qa7 Rcc8 41. Rad1 e4 42. Bf4 Ra8 43. Qe3 Nc5 44. Rc1 Qf5 45. Bh6 Ne6 46. Rxc8+ Rxc8 47. Kh2 Kh7 48. h4 Rc2 49. Bf4 Nxf4 50. gxf4 Qg4 51. Qg3 Qxg3+ 52. Kxg3 f5 53. Ra1 Rc7 54. Ra3 Kg7 55. f3 Kf6 56. fxe4 fxe4 57. Ra4 Re7 58. Rd4 Bb5 59. Rd6+ Kg7 60. f5 gxf5 61. Kf4 e3 62. Bf3 e2 63. Bxe2 Bxe2 64. Kxf5 Bg4+ 65. Kg5 Re5+ 66. Kf4 Rf5+ 67. Ke4 Rf1 68. Ke5 Kf7 69. Ra6 Rf5+ 70. Ke4 Rb5 71. Ra7+ Kf6 72. Ra6+ Be6 73. Ra4 Rc5 74. Ke3 Rc4 0-1

[Event "NED-ch blitz 5th"]
[Site "Amstelveen"]
[Date "2019.11.30"]
[Round "14"]
[White "Bosboom, Manuel"]
[Black "Vrolijk, Liam"]
[Result "0-1"]
[WhiteElo "2410"]
[BlackElo "2462"]
[PlyCount "102"]
[EventDate "2019.11.30"]
[EventType "swiss (blitz)"]
[EventRounds "30"]
[EventCountry "NED"]
[SourceTitle "CBM 193 Extra"]
[Source "ChessBase"]
[SourceDate "2020.01.31"]
[SourceVersion "1"]
[SourceVersionDate "2020.01.31"]
[SourceQuality "1"]

1. c4 c5 2. b3 b6 3. Bb2 Bb7 4. e3 Nf6 5. Nf3 g6 6. Bxf6 exf6 7. Nc3 Bg7 8. g3 Nc6 9. Bg2 0-0 10. Nh4 f5 11. Rc1 Bf6 12. Nf3 Bxc3 13. dxc3 Ne7 14. Rc2 Qc7 15. Rd2 Rad8 16. h4 d5 17. cxd5 Nxd5 18. Qc2 Nf6 19. 0-0 Rxd2 20. Qxd2 Rd8 21. Qb2 Qd6 22. c4 Ne4 23. h5 Qf6 24. Qc1 Qc3 25. Qa3 a5 26. h6 Nf6 27. Rc1 Qd3 28. Qb2 Qd6 29. Nh4 Bxg2 30. Nxg2 Ne8 31. Nf4 Qf6 32. Qc2 Qg5 33. Rd1 Rb8 34. Nd5 Qxh6 35. Qc3 Qg7 36. Qd3 Qe5 37. f4 Qe6 38. Re1 Nd6 39. Nc7 Qe7 40. Nd5 Qe6 41. Nc7 Qf6 42. Nd5 Qd8 43. e4 Nxe4 44. Rxe4 fxe4 45. Qxe4 Qd6 46. g4 Qe6 47. Qf3 Re8 48. g5 Qe1+ 49. Kg2 Re2+ 50. Kh3 Rf2 51. Nf6+ Kg7 0-1

[Event "NED-ch blitz 5th"]
[Site "Amstelveen"]
[Date "2019.11.30"]
[Round "19"]
[White "Schoppen, Casper"]
[Black "Bosboom, Manuel"]
[Result "1-0"]
[WhiteElo "2508"]
[BlackElo "2410"]
[PlyCount "63"]
[EventDate "2019.11.30"]
[EventType "swiss (blitz)"]
[EventRounds "30"]
[EventCountry "NED"]
[SourceTitle "CBM 193 Extra"]
[Source "ChessBase"]
[SourceDate "2020.01.31"]
[SourceVersion "1"]
[SourceVersionDate "2020.01.31"]
[SourceQuality "1"]

1. Nf3 Nf6 2. b3 g6 3. Bb2 Bg7 4. g3 0-0 5. Bg2 d6 6. 0-0 e5 7. d3 Re8 8. Nbd2 Nbd7 9. c4 c6 10. b4 d5 11. cxd5 cxd5 12. e3 h5 13. Qb3 b6 14. h4 Bb7 15. Ng5 Nf8 16. Rac1 Qd6 17. b5 N8h7 18. Nxh7 Nxh7 19. Rc2 Re7 20. Ba3 Qd7 21. Bxe7 Qxe7 22. Bxd5 Nf6 23. Bxb7 Qxb7 24. Rc6 Qd7 25. Ne4 Nxe4 26. dxe4 Rd8 27. Rxg6 Qd3 28. Qxd3 Rxd3 29. Rc6 Rd2 30. Rc7 Rxa2 31. Rd1 Ra5 32. Rd8+ 1-0

[Event "Geraardsbergen op 35th"]
[Site "Geraardsbergen"]
[Date "2019.08.17"]
[Round "8"]
[White "Schalkx, Johnny"]
[Black "Bosboom, Manuel"]
[Result "1-0"]
[WhiteElo "2157"]
[BlackElo "2405"]
[PlyCount "56"]
[EventDate "2019.08.14"]
[EventType "swiss"]
[EventRounds "9"]
[EventCountry "BEL"]
[SourceTitle "CBM 191 Extra"]
[Source "ChessBase"]
[SourceDate "2019.09.30"]
[SourceVersion "1"]
[SourceVersionDate "2019.09.30"]
[SourceQuality "1"]

1. e4 g6 2. d4 Bg7 3. c3 b6 4. Nf3 Bb7 5. Bd3 d6 6. 0-0 Nd7 7. a4 a6 8. Qe2 e6 9. a5 b5 10. c4 bxc4 11. Bxc4 Ne7 12. Nc3 0-0 13. Ra3 d5 14. Ba2 Nf6 15. e5 Nd7 16. Na4 Bc6 17. Re1 Bb5 18. Qc2 Nc6 19. Bg5 f6 20. exf6 Bxf6 21. Rxe6 Bxg5 22. Rxg6+ Kh8 23. Nxg5 Qe7 24. Re3 Nde5 25. Rxc6 Bxa4 26. Rxe5 Bxc2 27. Rxe7 Rae8 28. Rxe8 Rxe8 1-0

[Event "Geraardsbergen op 35th"]
[Site "Geraardsbergen"]
[Date "2019.08.16"]
[Round "6"]
[White "Verlinden, Robijn"]
[Black "Bosboom, Manuel"]
[Result "0-1"]
[WhiteElo "2005"]
[BlackElo "2405"]
[PlyCount "82"]
[EventDate "2019.08.14"]
[EventType "swiss"]
[EventRounds "9"]
[EventCountry "BEL"]
[SourceTitle "CBM 191 Extra"]
[Source "ChessBase"]
[SourceDate "2019.09.30"]
[SourceVersion "1"]
[SourceVersionDate "2019.09.30"]
[SourceQuality "1"]

1. Nf3 g6 2. d4 Bg7 3. g3 Nf6 4. Bg2 0-0 5. 0-0 d6 6. c4 Nbd7 7. Nc3 e5 8. e4 exd4 9. Nxd4 c6 10. h3 Qa5 11. Nc2 Ne5 12. Qxd6 Nxc4 13. Qb4 Qxb4 14. Nxb4 a5 15. Nc2 Nd7 16. f4 a4 17. e5 f6 18. b3 axb3 19. axb3 Rxa1 20. Nxa1 Na5 21. e6 Nb8 22. Ba3 Bxe6 23. Bxf8 Bxf8 24. Ne4 Kf7 25. f5 gxf5 26. Nd2 Na6 27. Rf4 Bh6 28. Nc4 Bxf4 29. Nxa5 Be3+ 30. Kf1 Nb4 31. Nxb7 Ke7 32. Nc2 Nxc2 33. Bxc6 f4 34. gxf4 Bxh3+ 35. Ke2 Bb6 36. Be4 Nd4+ 37. Kd3 h5 38. b4 Bf5 39. Nc5 Bxc5 40. bxc5 Bxe4+ 41. Kxe4 h4 0-1